The Weeknd: House of Balloons Trivia - Statistics

General Stats
  • This quiz has been taken 75 times
  • The average score is 9 of 10
Answer Stats
Hint Answer % Correct
House of Balloons/ _____ Table Girls Glass
98%
Most streamed song on album Wicked Games
95%
"I always want you when I'm ____ ____" Coming Down
90%
First song on album High for This
90%
The bonus track from Trilogy Twenty Eight
88%
"Bring your love, baby I can bring my _____" Shame
86%
Final track on album (excluding Trilogy bonus track) The Knowing
86%
Longest song on album The Party & the After Party
86%
Eighth song on album Loft Music
83%
# of tracks (excluding Trilogy bonus track) Nine
78%
No matching quizzes found
Score Distribution
Percent of People with Each Score
Percentile by Number Answered
Your Score History
You have not taken this quiz